Statistics for Word Scramble Geography by Letter - O

Click here to take the quiz!

General Stats

  • This quiz has been taken 389 times
  • The average score is 4 of 5

Answer Stats

Answer% Correct
Oasis
100%
Ocean
100%
Ohio
100%
Oman
100%
Orlando
100%
Oslo
100%
Ottawa
100%
Odessa
95%
Omsk
95%
Oklahoma
93%
Oregon
93%
Omaha
90%
Osaka
89%
Ontario
88%
Oran
86%
Ouagadougou
77%
Olympia
70%
Ottoman
67%
Okayama
52%

Score Distribution

Percentile by Number Answered

Percent of People with Each Score

Your Score History

You have not taken this quiz